Countries with the Highest Consonant-to-Vowel Ratios - Statistics

General Stats
  • This quiz has been taken 30 times
  • The average score is 12 of 27
Answer Stats
Ratio Country % Correct
9.00 Kyrgyzstan
76%
2.33 Kazakhstan
72%
2.50 Finland
60%
2.00 Sweden
60%
2.00 Norway
56%
2.00 Turkmenistan
56%
4.00 Egypt
52%
2.33 Bangladesh
48%
5.00 Cyprus
48%
2.50 Denmark
48%
2.50 Myanmar
48%
2.50 Germany
44%
2.00 Brazil
40%
3.00 Chad
40%
2.25 Czech Republic
40%
2.67 Netherlands
40%
2.00 Turkey
40%
2.00 France
36%
2.67 Switzerland
36%
2.00 Poland
32%
2.00 Rwanda
32%
2.75 Marshall Islands
28%
2.33 Seychelles
28%
2.00 Bhutan
24%
2.50 Hungary
24%
2.00 Saint Kitts and Nevis
24%
2.00 Jordan
20%
No matching quizzes found
Score Distribution
Percent of People with Each Score
Percentile by Number Answered
Your Score History
You have not taken this quiz